[Event "4NCL"]
[Site "Sunningdale ENG"]
[Date "2007.09.16"]
[Round "2"]
[White "Coates,K"]
[Black "Snape,I"]
[Result "0-1"]
[WhiteElo "2230"]
[BlackElo "2261"]

1.e4 c5 2.c3 Nf6 3.e5 Nd5 4.d4 cxd4 5.Nf3 Nc6 6.Bc4 e6 7.cxd4 d6 8.O-O Be7
9.Qe2 O-O 10.Bd2 Ndb4 11.Bxb4 Nxb4 12.a3 Nc6 13.Nc3 d5 14.Ba2 Bd7 15.Rac1 Rc8
16.b4 a6 17.g3 Na7 18.Rfd1 Nb5 19.Qb2 Nxc3 20.Rxc3 Rxc3 21.Qxc3 Qb6 22.Ne1 Rc8
23.Qb2 Qc7 24.Nd3 Qc3 25.Rd2 b6 26.Bb1 Qxb2 27.Nxb2 a5 28.Nd3 axb4 29.axb4 Bxb4
30.Rb2 Ba5 31.Ba2 Kf8 32.Kf1 Rc3 33.Ke2 Bc8 34.Bb1 Ba6 35.Ke3 Bc4 36.Bc2 h5
37.h3 g6 38.f4 b5 39.g4 hxg4 40.hxg4 b4 41.Bb1 Kg7 42.f5 gxf5 43.gxf5 exf5
44.Rg2+ Kf8 45.Rf2 Ke7 46.Rxf5 Rb3 47.Rf1 Ra3 48.Rc1 Ra1 49.Bc2 Ra2 50.Nc5 Ra3+
51.Bd3 Bb6 52.Rd1 Bxc5 53.dxc5 Rxd3+ 54.Rxd3 Bxd3 55.Kxd3 Kd7  0-1

[Event "17th Senior WCh"]
[Site "Gmunden AUT"]
[Date "2007.09.17"]
[Round "1"]
[White "Springer,K1"]
[Black "Chernikov,O1"]
[Result "0-1"]
[WhiteElo "2058"]
[BlackElo "2405"]

1.e4 c5 2.c3 Nf6 3.e5 Nd5 4.Nf3 e6 5.Bc4 Nb6 6.Bb3 c4 7.Bc2 Nc6 8.d3 d6 9.Bf4 dxe5
10.Nxe5 Nxe5 11.Bxe5 Qd5 12.Qe2 Qxg2 13.Rf1 cxd3 14.Bxd3 Nd7 15.Bg3 Nc5 16.Bb5+ Bd7
17.Nd2 Bxb5 18.Qxb5+ Qc6 19.Qxc6+ bxc6 20.O-O-O Be7 21.Nc4 Rc8 22.Bd6 Nb7
23.Rg1 Nxd6 24.Nxd6+ Bxd6 25.Rxd6 Ke7 26.Rd4 g6 27.Ra4 Rc7 28.Rgg4 c5 29.Rgc4 Rd8
30.Ra5 Rd5 31.b4 Rcd7 32.Rcxc5 Rd2 33.Rxa7 Rxf2 34.Rxd7+ Kxd7 35.a4 Kd6 36.a5 e5
37.Rc4 f5 38.a6 e4 39.Rc8 Ra2 40.b5 Kd7 41.Rc5 f4 42.Re5 f3 43.Rxe4 f2 44.Rf4 f1=Q+
45.Rxf1 Ra1+ 46.Kb2 Rxf1 47.a7 Rf8 48.Kb3 Kc7  0-1

[Event "17th ch-EU U18 Boys"]
[Site "Sibenik CRO"]
[Date "2007.09.20"]
[Round "7"]
[White "Musovic,A"]
[Black "Valkovic,K"]
[Result "1/2-1/2"]
[WhiteElo "2079"]
[BlackElo "1960"]

1.e4 c5 2.c3 Nf6 3.e5 Nd5 4.d4 cxd4 5.Nf3 e6 6.cxd4 Nc6 7.Nc3 d6 8.exd6 Bxd6
9.Bd3 Bd7 10.O-O O-O 11.Re1 Rc8 12.Bb1 Re8 13.Qd3 g6 14.Bg5 Be7 15.Bxe7 Rxe7
16.h4 Nxc3 17.bxc3 Qa5 18.Bc2 Be8 19.Bb3 Rd7 20.Rac1 Kg7 21.Qe4 Qf5 22.Nd2 Rdd8
23.Qxf5 gxf5 24.Nf3 h6 25.Rb1 a6 26.Rec1 b5 27.Bd1 Rc7 28.Be2 f6 29.a4 Na7
30.axb5 Nxb5 31.Bxb5 Bxb5 32.Rb3 Be2 33.Ra1 Bxf3 34.gxf3 Rd6 35.Rba3 Rcc6
36.Kg2 Kg6 37.f4 Kf7 38.Kf3 Rc4  1/2-1/2

[Event "17th ch-EU U16 Boys"]
[Site "Sibenik CRO"]
[Date "2007.09.20"]
[Round "7"]
[White "Thorgeirsson,S"]
[Black "Sucic,D"]
[Result "1-0"]
[WhiteElo "2064"]
[BlackElo "1967"]

1.e4 c5 2.c3 Nf6 3.e5 Nd5 4.d4 cxd4 5.Nf3 Nc6 6.cxd4 d6 7.Bc4 Nb6 8.Bb5 d5
9.Qc2 Qc7 10.Bf4 e6 11.O-O Bd7 12.Nbd2 Rc8 13.Rac1 Be7 14.Bd3 Qd8 15.Qb1 h6
16.a3 a6 17.b4 Na7 18.Rxc8 Qxc8 19.Rc1 Qb8 20.Nb3 O-O 21.Nc5 Bxc5 22.bxc5 Na8
23.Be3 Bc6 24.Qb3 Re8 25.Rb1 Qc8 26.Bc2 Kf8 27.a4 Ke7 28.Nd2 h5 29.Bg5+ Kd7
30.Qf3 Rf8 31.Qxh5 Qe8 32.Qe2 Kc8 33.Bd3 Nc7 34.a5 Bb5 35.Rb2 Nc6 36.Nb3 Ba4
37.Be3 Bxb3 38.Rxb3 Nxa5 39.Rb4 Nc6 40.Rb1 Na7 41.f4 Nab5 42.Qb2 g6 43.Bd2 Qc6
44.Ba5 Na7 45.Bb6 Kb8 46.Bxc7+ Kxc7 47.Qb6+ Qxb6 48.cxb6+ Kb8 49.bxa7+ Kxa7
50.Kf2 b5 51.h4 Rh8 52.g3 Kb6 53.Ke3 Rh7 54.Kd2 Rh8 55.Rh1 a5 56.g4 b4 57.h5 a4
58.hxg6 Rxh1 59.g7  1-0

[Event "ch-SRB Playoff"]
[Site "Beograd SRB"]
[Date "2007.09.21"]
[Round "1.2"]
[White "Stojanovic,Mih"]
[Black "Damljanovic,B"]
[Result "1/2-1/2"]
[WhiteElo "2601"]
[BlackElo "2606"]

1.e4 c5 2.c3 Nf6 3.e5 Nd5 4.d4 cxd4 5.Nf3 e6 6.cxd4 d6 7.Bc4 Nb6 8.Bd3 Nc6
9.O-O Nb4 10.Be2 Be7 11.Nc3 Bd7 12.a3 N4d5 13.Ne4 Ba4 14.b3 Bc6 15.Bd3 dxe5
16.dxe5 Nd7 17.b4 a6 18.Re1 Qc7 19.Bb2 Nf4 20.Bf1 O-O 21.Qc2 h6 22.Qc4 Ng6
23.Ned2 Rfc8 24.Bd3 Bxf3 25.Qxc7 Rxc7 26.Nxf3 Nf4 27.Be4 Nb6 28.Bd4 Nc4 29.g3 Nh3+
30.Kg2 Ng5 31.Nxg5 hxg5 32.Red1 Rd8 33.Rd3 Rcd7 34.Rad1 g6 35.Kf3 b5 36.h3 Nxa3
37.Rxa3 Rxd4 38.Rxd4 Rxd4 39.Rxa6 Rxb4 40.Rc6 Rb3+ 41.Kg4 b4 42.f3 Ra3 43.Rc7 Kf8
44.Rc8+ Kg7 45.Rc7 Bd8 46.Rd7 Bb6 47.Kxg5 Ra5 48.Bxg6 Rxe5+ 49.Kf4 Re1 50.Bxf7 Kf6
51.Rb7 Bf2 52.Bxe6 Kxe6 53.Rxb4 Rg1 54.g4 Rh1 55.Rb2 Bd4 56.Re2+ Kf6 57.Kg3 Rd1
58.f4 Rd3+ 59.Kg2 Be3 60.Kf3 Bc1+ 61.Ke4 Rxh3 62.Re1 Rc3 63.Rd1 Rc6 64.Rd5 Rc4+
65.Rd4 Rc8 66.Rd6+ Ke7 67.Rd5 Ba3 68.g5 Bd6 69.Rf5 Rc4+ 70.Kf3 Rc1 71.Rf6 Rg1
72.Ke4 Rf1 73.Rf5 Re1+ 74.Kf3 Rg1 75.Rf6 Kd7 76.Ke4 Be7 77.Ra6 Bd6 78.Kf5 Rb1
79.Ra7+ Bc7 80.g6 Rf1 81.Rxc7+ Kxc7 82.g7 Rg1 83.Kf6 Kd7 84.Kf7 Rf1 85.g8=Q Rxf4+
86.Kg7 Rg4+ 87.Kh7 Rxg8 88.Kxg8  1/2-1/2

[Event "6th ch-Asia"]
[Site "Cebu City PHI"]
[Date "2007.09.21"]
[Round "3"]
[White "Khader,S"]
[Black "Xu Jun"]
[Result "1/2-1/2"]
[WhiteElo "2422"]
[BlackElo "2574"]

1.e4 c5 2.c3 Nf6 3.e5 Nd5 4.d4 cxd4 5.Nf3 Nc6 6.Bc4 Nb6 7.Bb3 d5 8.exd6 Qxd6
9.O-O Be6 10.Na3 Bxb3 11.Qxb3 Rc8 12.Nb5 Qd5 13.Bf4 Qxb3 14.axb3 a6 15.Nbxd4 Nxd4
16.Nxd4 Nd5 17.Bg3 e6 18.b4 Be7 19.b5 axb5 20.Nxb5 O-O 21.Ra7 b6 22.Rb7 Rc5
23.Nc7 Bd8 24.Nxd5 Rxd5 25.Rb1 f6 26.Bf4 Rf7 27.Rb8 Rfd7 28.Kf1 Kf7 29.Be3 Bc7
30.Rb7 Bd8 31.Rxd7+ Rxd7 32.Ke2 e5 33.Ra1 Ke6 34.Ra6 Rd6 35.c4 f5 36.f3 Kd7
37.b4 Bc7 38.Ra7 Kc8 39.Ra8+ Bb8 40.c5 bxc5 41.Bxc5 Rg6 42.Kd3 Kb7 43.Ra2 e4+
44.fxe4 fxe4+ 45.Kxe4 Bxh2 46.Kd5 Bb8 47.Rf2 Bc7 48.Re2 h5 49.Bd4 Rg5+ 50.Kc4 Bd8
51.Rf2 Bf6 52.Bc5 Kc6 53.b5+ Kb7 54.Ra2 Rg4+ 55.Kd5 Rg5+ 56.Kc4 Rg4+ 57.Kd5 Rg5+  1/2-1/2

[Event "17th ch-EU U18 Boys"]
[Site "Sibenik CRO"]
[Date "2007.09.21"]
[Round "8"]
[White "Valkovic,K"]
[Black "Mitrovic,B"]
[Result "0-1"]
[WhiteElo "1960"]
[BlackElo "2127"]

1.e4 c5 2.c3 Nf6 3.e5 Nd5 4.d4 e6 5.Nf3 cxd4 6.cxd4 d6 7.Nc3 Nxc3 8.bxc3 Qc7
9.Bd2 Nc6 10.exd6 Bxd6 11.Bd3 O-O 12.O-O e5 13.h3 f5 14.Bc4+ Kh8 15.d5 Na5
16.Bb3 h6 17.Nh4 Qf7 18.c4 Nxb3 19.axb3 e4 20.g3 f4 21.Kh2 f3 22.Bc3 Qd7
23.Qd4 Qxh3+ 24.Kg1 Qg4 25.c5 Be7 26.Qxg7+ Qxg7 27.Ng6+ Kh7 28.Bxg7 Kxg6
29.Bxf8 Bxf8 30.d6 Bd7 31.b4 Bg7 32.Rab1 a6 33.Rfd1 Bc6 34.Kf1 Kf5 35.Re1 h5
36.Re3 Bd4 37.Ra3 Bb5+ 38.Kg1 Rg8 39.Kh2 Bxf2  0-1

[Event "LNA Copa Puma"]
[Site "Argentina ARG"]
[Date "2007.09.22"]
[Round "7"]
[White "Obregon,A"]
[Black "Hungaski,R"]
[Result "0-1"]
[WhiteElo "2355"]
[BlackElo "2399"]

1.e4 c5 2.c3 Nf6 3.e5 Nd5 4.d4 cxd4 5.Nf3 e6 6.cxd4 d6 7.Nc3 Nxc3 8.bxc3 Qc7
9.Bd2 Nd7 10.Bd3 dxe5 11.O-O Be7 12.Re1 exd4 13.cxd4 O-O 14.Re4 Nf6 15.Rh4 g6
16.Ne5 Nd7 17.Rxh7 Nxe5 18.Bf4 Bf6 19.Bxg6 Nxg6 20.Bxc7 Kxh7 21.Qf3 Kg7 22.g3 Bd7
23.Qxb7 Rfc8 24.h4 Ne7 25.Be5 Rd8 26.Qf3 Ng8 27.Qg4+ Kf8 28.h5 Bc6 29.Rc1 Rac8
30.Qf4 Bxe5 31.dxe5 Bd5 32.h6 Rxc1+ 33.Qxc1 Be4 34.Qa3+ Ne7 35.f3 Bg6 36.g4 Rd7
37.Qa4 Rc7 38.Qb4 Kg8 39.Qb8+ Rc8 40.Qb7 Kf8 41.Kg2 Rd8 42.Qb4 Ke8 43.Kg3 Ng8
44.Qf4 Kf8 45.Kh4 a5 46.Qe3 Rd5 47.Qf4 Rd1 48.Qa4 Rd5 49.Qa3+ Ke8 50.Qb3 Nxh6
51.Kg5 Ng8 52.Qb8+ Rd8 53.Qb5+ Kf8 54.Qxa5 Rd5 55.Qc7 Kg7 56.Kh4 Nh6 57.a4 Rd3
58.Qc6 Rd5 59.Qc7 Rd3 60.Qb7 Rd5 61.Qb6 Rd3 62.Qc6 Rd5 63.Kg3 Ng8 64.Qc3 Rd3
65.Qc4 Ne7 66.Kf2 Nd5 67.Qc5 Rc3 68.Qd4 Rc2+ 69.Kg3 Nc3 70.Kh3 Nd5 71.Kh4 Rc3
72.Qd1 Ra3 73.Kg5 Re3 74.a5 Ra3 75.Qd4 Rxf3 76.Qa1 Nb4 77.a6 Nc2 78.Qa5 Ra3
79.Qb6 Be4 80.Qd8 Bg6 81.Qf6+ Kh7 82.Qf1 Kg7 83.Qh1 Nb4 84.Qf1 Rxa6 85.Qc4 Rb6
86.Qc5 Nd5 87.Qf2 Rb4 88.Qh2 Re4 89.Qh6+ Kg8 90.Qh1 Ne3 91.Kf6 Nxg4+ 92.Ke7 Nxe5
93.Qh6 Ng4 94.Qc1 Kg7 95.Qc8 e5 96.Qf8+ Kh7 97.Qd8 Rd4 98.Qc8 Nh6 99.Kf6 e4
100.Qh3 Rd5 101.Ke7 e3 102.Qf3 Rh5 103.Kf8 Nf5 104.Qf4 Rh4 105.Qg5 e2 106.Qd2 Ng3
107.Qc3 Nh5 108.Qb2 f6 109.Qb7+ Kh6 110.Qh7+ Bxh7  0-1

[Event "16th Monarch Assurance"]
[Site "Port Erin IOM"]
[Date "2007.09.23"]
[Round "2"]
[White "Ly,M"]
[Black "Kuzubov,Y"]
[Result "0-1"]
[WhiteElo "2295"]
[BlackElo "2568"]

1.e4 c5 2.c3 Nf6 3.e5 Nd5 4.d4 cxd4 5.Nf3 Nc6 6.cxd4 d6 7.Bc4 Nb6 8.Bb3 d5
9.h3 Bf5 10.Nc3 e6 11.O-O Be7 12.Bc2 Bxc2 13.Qxc2 O-O 14.b3 Rc8 15.Bb2 Qd7
16.Qe2 a6 17.Rfd1 Rc7 18.Rac1 Rfc8 19.Qd3 h6 20.Ne2 Qd8 21.Qd2 Qf8 22.Nf4 Nb4
23.Rxc7 Rxc7 24.Rc1 Qc8 25.Rxc7 Qxc7 26.Ba3 a5 27.Nd3 Nxd3 28.Bxe7 Qxe7 29.Qxd3 Qc7
30.Qd2 Nc8 31.Ne1 Ne7 32.Qc2 Qb6 33.Qc5 Qxc5 34.dxc5 Nc6 35.Nd3 Nb4 36.Nc1 Kf8
37.Kf1 Ke7 38.Ke2 Kd7 39.Ke3 Kc6 40.a3 Nc2+ 41.Kd2 Nxa3 42.Nd3 Nb5 43.f4 Nc7
44.Ke3 Na6 45.Kd4 Nb4 46.Nxb4+ axb4 47.g4 g5 48.f5 Kb5 49.f6 Kc6 50.Ke3 Kxc5
51.Kd3 d4  0-1

[Event "17th ch-EU U16 Girls"]
[Site "Sibenik CRO"]
[Date "2007.09.23"]
[Round "9"]
[White "Zeevi,N"]
[Black "Parmar,A"]
[Result "0-1"]
[WhiteElo "1719"]
[BlackElo "2011"]

1.e4 c5 2.c3 Nf6 3.e5 Nd5 4.Nf3 Nc6 5.Bc4 Nb6 6.Bb3 c4 7.Bc2 Qc7 8.Qe2 g5
9.h3 Bg7 10.O-O Nxe5 11.Nxg5 h6 12.Nf3 d5 13.Re1 Nxf3+ 14.Qxf3 Bd7 15.d4 cxd3
16.Qxd3 e5 17.a4 Be6 18.a5 Nc4 19.Ba4+ Kf8 20.a6 b6 21.b3 Nd6 22.Ba3 Kg8
23.Nd2 Rd8 24.Rac1 f5 25.f4 e4 26.Qg3 Kh7 27.Nf3 b5 28.Ne5 Qb6+ 29.Kh2 Bxe5
30.fxe5 Nf7 31.Be7 Rd7  0-1

[Event "17th ch-EU U18 Boys"]
[Site "Sibenik CRO"]
[Date "2007.09.23"]
[Round "9"]
[White "Potapov,P"]
[Black "Beck,F"]
[Result "1-0"]
[WhiteElo "2386"]
[BlackElo "2292"]

1.e4 c5 2.c3 Nf6 3.e5 Nd5 4.Nf3 e6 5.Bc4 d6 6.d4 cxd4 7.cxd4 Nb6 8.Bd3 dxe5
9.dxe5 Na6 10.O-O Nc5 11.Bc2 Qxd1 12.Rxd1 Bd7 13.Nc3 Rc8 14.Nd4 Nca4 15.Nxa4 Nxa4
16.Be4 Rc7 17.Bg5 Be7 18.Bxe7 Kxe7 19.Rd2 Rhc8 20.Rad1 Be8 21.f4 f5 22.Bf3 Nb6
23.Kf2 Bc6 24.Bxc6 bxc6 25.Rc1 Rd7 26.Rcd1 a6 27.g3 c5 28.Nb3 Rxd2+ 29.Rxd2 c4
30.Nd4 Rc5 31.Nxe6 Kxe6 32.Rd6+ Ke7 33.Rxb6 Ra5 34.Ke3 c3 35.bxc3 Rxa2 36.Rb7+ Ke6
37.Rxg7 Rxh2 38.Ra7 Rg2 39.Rxa6+ Kd5 40.Kf3 Rc2 41.Rd6+ Kc5 42.Rd3 Kc4 43.Re3  1-0

[Event "Magistral ITT ENDESA"]
[Site "Santiago CHI"]
[Date "2007.09.29"]
[Round "4"]
[White "Diaz,Rob"]
[Black "Valenzuela Fuentealba,L"]
[Result "0-1"]
[WhiteElo "2319"]
[BlackElo "2434"]

1.e4 c5 2.c3 Nf6 3.e5 Nd5 4.d4 cxd4 5.Nf3 Nc6 6.Bc4 Nb6 7.Bb3 d5 8.exd6 Qxd6
9.O-O Be6 10.Na3 dxc3 11.Qe2 Bxb3 12.axb3 e5 13.Nb5 Qb8 14.Re1 f6 15.Nbd4 Be7
16.bxc3 Qc8 17.Nh4 exd4 18.Qh5+ Kd8 19.Ng6 hxg6 20.Qxh8+ Kd7 21.Qxg7 Qg8
22.Qh6 Qxb3 23.cxd4 Qd5 24.Qh7 g5 25.Ba3 Re8 26.Bxe7 Rxe7 27.Rxe7+ Nxe7 28.Rxa7 Nc8
29.Ra1 Qxd4 30.Rb1 b5 31.Qc2 Nd6 32.h3 Qc4 33.Qd2 Qd5 34.Qc2 Qf5 35.Qb3 Nc6
36.Rd1 Kc7 37.Rc1 Nc4 38.Rb1 Nd2 39.Qf7+ Kb6 40.Rd1 Qc2 41.Qh5 Qd3 42.Rc1 Nb3
43.Rd1 Qf5 44.h4 Nbd4 45.hxg5 fxg5 46.Qh3 Qxh3 47.gxh3 Nf3+ 48.Kg2 Ncd4 49.Rb1 Nd2
50.Ra1 b4 51.Ra8 N2f3 52.Rb8+ Kc5 53.Kg3 Ne5 54.Re8 Kd5 55.Rb8 Kc4 56.Re8 Ndc6
57.Ra8 b3 58.Ra4+ Kc3 59.Ra3 Nd4  0-1

[Event "Open"]
[Site "Corfu GRE"]
[Date "2007.10.02"]
[Round "2"]
[White "Kleifges,M"]
[Black "Rotstein,A"]
[Result "0-1"]
[WhiteElo "2152"]
[BlackElo "2534"]

1.e4 c5 2.c3 Nf6 3.e5 Nd5 4.Nf3 e6 5.d4 cxd4 6.cxd4 d6 7.Bc4 Nb6 8.Bd3 dxe5
9.Nxe5 Nc6 10.Qf3 Nxe5 11.dxe5 Nd7 12.O-O Nxe5 13.Bb5+ Bd7 14.Qxb7 Qc8 15.Bxd7+ Nxd7
16.Qf3 Be7 17.Nc3 O-O 18.Bf4 Bf6 19.Rac1 Qa6 20.Rfd1 Nb6 21.Qd3 Qxd3 22.Rxd3 Rac8
23.b3 h6 24.Ne4 Rxc1+ 25.Bxc1 Be7 26.Be3 Nd5 27.Bd4 Rc8 28.g3 Bb4 29.Bxa7 Rc1+
30.Kg2 f5 31.Be3 Rc2 32.Kf3 fxe4+ 33.Kxe4 Rxa2 34.Bd4 Re2+ 35.Kf3 Re1 36.Ba7 Kf7
37.h4 h5 38.Kg2 Kg6 39.Rf3 e5 40.Rd3 Nf6 41.f3 Re2+ 42.Kh3 e4 43.Rd4 Bc3
44.Rc4 exf3 45.Rxc3 Ng4 46.Bg1 Rh2+ 47.Bxh2 Nf2+  0-1

[Event "WJun"]
[Site "Yerevan ARM"]
[Date "2007.10.04"]
[Round "2"]
[White "Howell,D"]
[Black "Hayrapetian,O"]
[Result "1-0"]
[WhiteElo "2527"]
[BlackElo "2374"]

1.e4 c5 2.c3 Nf6 3.e5 Nd5 4.Nf3 e6 5.Bc4 Nb6 6.Bb3 d6 7.d4 cxd4 8.cxd4 dxe5
9.Nxe5 Nc6 10.Nf3 Be7 11.Nc3 Nb4 12.O-O O-O 13.Re1 N4d5 14.Qd3 Nf6 15.Bg5 Bd7
16.Ne5 Bc6 17.Rad1 Nbd5 18.Qh3 Qd6 19.Rd3 Rfe8 20.Qh4 g6 21.Rf3 Nxc3 22.Nxf7 Nfe4
23.Nxd6 Nxg5 24.Qg3 Bxf3 25.bxc3 Rf8 26.Rxe6  1-0

[Event "Open"]
[Site "Nelson NZL"]
[Date "2007.10.05"]
[Round "5"]
[White "Burns,C"]
[Black "Chandler,M"]
[Result "0-1"]
[WhiteElo "2033"]
[BlackElo "2540"]

1.e4 c5 2.c3 Nf6 3.e5 Nd5 4.Nf3 Nc6 5.Bc4 Nb6 6.Bb3 d5 7.exd6 exd6 8.d4 c4
9.Bc2 Be7 10.h3 Be6 11.Nbd2 Qd7 12.b3 cxb3 13.axb3 Nd5 14.Nb1 Bf5 15.O-O O-O
16.Re1 Rfe8 17.Bd2 Bf6 18.Na3 Rxe1+ 19.Qxe1 h6 20.Qb1 Bxc2 21.Nxc2 b5 22.Qf1 Rb8
23.Qd3 Rb7 24.Re1 a5 25.Qe4 Nce7 26.c4 bxc4 27.bxc4 Nb4 28.Ra1 Qc6 29.d5 Qc7
30.Rc1 Nxc2 31.Rxc2 Ra7 32.Bf4 Qd7 33.c5 dxc5 34.Rxc5 a4 35.d6 Nc8 36.Qd5 Nb6
37.Qe4 a3 38.Be5 a2 39.Rc7 a1=Q+ 40.Bxa1 Rxa1+ 41.Ne1 Qxd6 42.Qe8+ Qf8 43.Qe3 Nd5  0-1

[Event "Open"]
[Site "Nelson NZL"]
[Date "2007.10.05"]
[Round "5"]
[White "Nijman,A"]
[Black "King,M"]
[Result "0-1"]
[WhiteElo "1945"]
[BlackElo "1950"]

1.e4 c5 2.c3 Nf6 3.e5 Nd5 4.d4 cxd4 5.Bc4 Nb6 6.Bb3 Nc6 7.Nf3 g6 8.cxd4 Bg7
9.O-O d6 10.exd6 Qxd6 11.Be3 Be6 12.Bxe6 Qxe6 13.Nc3 Nd5 14.Bg5 O-O 15.Re1 Qd7
16.Ne4 e6 17.Nc5 Qc7 18.Rc1 h6 19.Bh4 Rfe8 20.Bg3 Qb6 21.b3 Rac8 22.a3 Nxd4
23.b4 Nxf3+ 24.Qxf3 a5 25.Nd7 Qb5 26.Ne5 Bxe5 27.Bxe5 axb4 28.Rcd1 bxa3 29.Rxd5 exd5  0-1

[Event "WJun Girls"]
[Site "Yerevan ARM"]
[Date "2007.10.05"]
[Round "3"]
[White "Khalaji,H"]
[Black "Limontaite,S"]
[Result "0-1"]
[WhiteElo "1872"]
[BlackElo "2141"]

1.e4 c5 2.c3 Nf6 3.e5 Nd5 4.d4 cxd4 5.Nf3 Nc6 6.cxd4 d6 7.Bc4 e6 8.O-O Be7
9.Nbd2 Nb6 10.Bb3 d5 11.Bc2 O-O 12.Nb3 f6 13.Qd3 g6 14.Bh6 Rf7 15.Qe2 Bd7
16.a3 Nc4 17.Bd3 b5 18.Qc2 Kh8 19.Rae1 a5 20.Nc1 fxe5 21.Bxc4 bxc4 22.dxe5 Qb6
23.Ne2 Bf8 24.Be3 Bc5 25.Bxc5 Qxc5 26.Qc3 Kg8 27.Ned4 Nxd4 28.Nxd4 Rf4 29.Rd1 Raf8
30.g3 R4f7 31.Rd2 g5 32.Qe3 Rg7 33.Qc3 Qb6 34.Qe3 Be8 35.Qc3 Bg6 36.Qe3 Bd3
37.Re1 a4 38.Rc1 Rg6 39.Re1 Qd8 40.Nc6 Qe8 41.Nb4 Be4 42.Na6 Qf7 43.Nc5 Bf3
44.Nxa4 Qf5 45.Rxd5 Bxd5 46.Nc3 Bf3  0-1

[Event "Open"]
[Site "Winterthur SUI"]
[Date "2007.10.08"]
[Round "4"]
[White "Eschmann,P"]
[Black "Baumann,K2"]
[Result "1-0"]
[WhiteElo "2191"]
[BlackElo "2020"]

1.e4 c5 2.c3 Nf6 3.e5 Nd5 4.Nf3 Nc6 5.Bc4 Nb6 6.Bb3 d6 7.exd6 Qxd6 8.O-O Bf5
9.d4 c4 10.Bc2 Bxc2 11.Qxc2 e6 12.Re1 Be7 13.Nbd2 h6 14.Ne4 Qc7 15.Ng3 O-O
16.Re4 Nd5 17.Bd2 Bd6 18.Nh5 Nce7 19.Nxg7 Bf4 20.Nh5 Bxd2 21.Qxd2 Kh7 22.Ne5 Nf5
23.Ng3 Nde7 24.Ng4 Ng8 25.Re5 Qd7 26.Nxf5 exf5 27.Qxh6+ Nxh6 28.Nf6+ Kg6
29.Nxd7 Rfd8  1-0

[Event "IV Amateur Open"]
[Site "Calvia ESP"]
[Date "2007.10.09"]
[Round "4"]
[White "Elenius,E"]
[Black "Anibal,J"]
[Result "1/2-1/2"]
[WhiteElo "2161"]
[BlackElo "2186"]

1.e4 c5 2.c3 Nf6 3.e5 Nd5 4.Nf3 Nc6 5.Bc4 e6 6.O-O Be7 7.Re1 O-O 8.d4 d6
9.Nbd2 Nb6 10.Bb3 d5 11.Nf1 cxd4 12.cxd4 Bd7 13.a3 f5 14.exf6 Bxf6 15.Ng3 Qe8
16.Ne5 Nxe5 17.dxe5 Be7 18.Be3 Ba4 19.Bxa4  1/2-1/2

[Event "Open"]
[Site "Corfu GRE"]
[Date "2007.10.09"]
[Round "8"]
[White "Kleifges,M"]
[Black "Makryniotis,K"]
[Result "1-0"]
[WhiteElo "2152"]
[BlackElo "1852"]

1.e4 c5 2.c3 Nf6 3.e5 Nd5 4.d4 cxd4 5.Nf3 Nc6 6.cxd4 d6 7.Be2 Bg4 8.Qb3 dxe5
9.Qxb7 Rc8 10.Bb5 Bd7 11.Bd2 Rb8 12.Qxc6 Rxb5 13.Qc2 Qb8 14.b3 exd4 15.O-O e5
16.Nxe5 Qxe5 17.Re1 Ne3 18.Bxe3 Be7 19.Bd2 Qd5 20.Na3 Rb7 21.Rac1 Be6 22.Qc4 Qxc4
23.Nxc4 O-O 24.Na5 Rd7 25.Nc6 Ba3 26.Rcd1 Rc8 27.Bb4 Bxb4 28.Nxb4 h6 29.Rd2 a5
30.Nc2 d3 31.Ne3 g5 32.Red1 Rc3 33.g4 Rd8 34.f3 Bc8 35.Kf2 Ba6 36.Nf5 Re8
37.Ng3 Rec8 38.Ne4 Rc2 39.Ke3 Rc1 40.Nd6 R8c2 41.Rxc1 Rxc1 42.Ne4 Kg7 43.Nf2 Re1+
44.Kd4 Re2 45.Kc3 Kf6 46.Ne4+ Ke5 47.Nc5 Bb5 48.Nxd3+ Bxd3 49.Kxd3 Re1 50.Re2+ Rxe2
51.Kxe2  1-0

[Event "Open"]
[Site "Winterthur SUI"]
[Date "2007.10.09"]
[Round "5"]
[White "Jenni,F"]
[Black "Mede,I"]
[Result "1-0"]
[WhiteElo "2511"]
[BlackElo "2233"]

1.e4 c5 2.c3 Nf6 3.e5 Nd5 4.d4 cxd4 5.Nf3 Nc6 6.cxd4 d6 7.Bc4 Nb6 8.Bb5 dxe5
9.Nxe5 Bd7 10.Nxd7 Qxd7 11.Nc3 a6 12.Bxc6 Qxc6 13.d5 Qd6 14.Be3 Rd8 15.Bxb6 Qxb6
16.Qa4+ Rd7 17.O-O g6 18.Ne4 Qb5 19.Qd4 Rg8 20.Rac1 f6 21.d6 Qf5 22.Rc5 e5
23.Qc4 Rgg7 24.Ng3 b5  1-0

[Event "Open"]
[Site "Winterthur SUI"]
[Date "2007.10.10"]
[Round "6"]
[White "Oesch,H"]
[Black "Gattenloehner,S"]
[Result "1/2-1/2"]
[WhiteElo "1967"]
[BlackElo "2240"]

1.e4 c5 2.c3 Nf6 3.e5 Nd5 4.d4 cxd4 5.Nf3 e6 6.cxd4 d6 7.Nc3 Nxc3 8.bxc3 Qc7
9.Bd2 Nd7 10.exd6 Bxd6 11.Bd3 b6 12.O-O Bb7 13.Re1 O-O 14.Be4 Rac8 15.Qe2 Bxe4
16.Qxe4 Nf6 17.Qh4 Nd5 18.g3 Qd8 19.Qg4 Nxc3 20.Rac1 f5 21.Qh3 Ne4 22.Rxe4 Rxc1+
23.Bxc1 fxe4 24.Ng5 Rf6 25.Qxh7+ Kf8 26.Qh8+ Ke7 27.Qxg7+ Ke8 28.Nxe4  1/2-1/2

[Event "3rd Arctic Cup"]
[Site "Salekhard RUS"]
[Date "2007.10.12"]
[Round "5"]
[White "Mamedov,Elm"]
[Black "Sosovicka,M"]
[Result "1-0"]
[WhiteElo "1850"]
[BlackElo "1899"]

1.e4 c5 2.c3 Nf6 3.e5 Nd5 4.d4 cxd4 5.Nf3 e6 6.cxd4 b6 7.Bc4 Bb7 8.O-O Be7
9.Nc3 Nxc3 10.bxc3 O-O 11.Bb3 Nc6 12.Nd2 Rc8 13.Bc2 Qc7 14.Qh5 g6 15.Qh6 Nxd4
16.Ne4 Qxe5 17.cxd4 Qxd4 18.Be3 Qh8 19.Bd3 f5 20.Ng5 e5 21.Rac1 Bc6 22.Bc4+ d5
23.Ba6 Rc7 24.Ne6  1-0

[Event "WJun"]
[Site "Yerevan ARM"]
[Date "2007.10.12"]
[Round "9"]
[White "Khamrakulov,D"]
[Black "Vovk,Y"]
[Result "1-0"]
[WhiteElo "2357"]
[BlackElo "2561"]

1.e4 c5 2.c3 Nf6 3.e5 Nd5 4.d4 cxd4 5.Nf3 Nc6 6.cxd4 d6 7.Bc4 Nb6 8.Bb5 Bd7
9.Nc3 dxe5 10.dxe5 g6 11.O-O Bg7 12.Qe2 O-O 13.h3 a6 14.Bd3 Be6 15.a3 Nd7
16.Bf4 Ndxe5 17.Nxe5 Nxe5 18.Bxa6 Qd4 19.Bxe5 Qxe5 20.Qxe5 Bxe5 21.Bxb7 Rab8
22.Bf3 Rxb2 23.Nd5 Rb3 24.Nxe7+ Kg7 25.Rad1 Rxa3 26.Nc6 Bc3 27.Bd5 Bc8 28.f4 Re8
29.Rf3 Ba6 30.Rb1 Be2 31.Rg3 h5 32.Rb7 h4 33.Rxf7+ Kh6 34.Rg5 Ra1+ 35.Kh2 Bh5
36.Ne7 Be1 37.Nf5+ gxf5 38.Rf6+ Kh7 39.Rxh5+ Kg7 40.Rf7+ Kg6 41.Rg5+ Kh6
42.Rf6+ Kh7 43.Bg8+ Rxg8 44.Rf7+ Kh6 45.Rxg8 Ra3 46.Rfg7 Bd2 47.Rg6+ Kh7
48.R8g7+ Kh8 49.Rf7 Be1 50.Kg1 Bg3 51.Kf1 Re3 52.Rxg3 Re1+ 53.Kxe1  1-0

[Event "TCh-ROU Superliga"]
[Site "Predeal ROU"]
[Date "2007.10.13"]
[Round "1"]
[White "Vajda,L"]
[Black "Miroshnichenko,E"]
[Result "1/2-1/2"]
[WhiteElo "2564"]
[BlackElo "2651"]

1.e4 c5 2.c3 Nf6 3.e5 Nd5 4.d4 cxd4 5.Nf3 d6 6.cxd4 Nc6 7.Bc4 Nb6 8.Bb5 dxe5
9.Nxe5 Bd7 10.Nxd7 Qxd7 11.O-O Rd8 12.Nc3 a6 13.Bxc6 Qxc6 14.Be3 e6 15.Rc1 Nd5
16.Bg5 f6 17.Be3 Be7 18.Qh5+ g6 19.Qh6 Kf7 20.Nxd5 Qxd5 21.Rc7 Rd7 22.Rxd7 Qxd7
23.Rc1 Bf8 24.Qh3 Be7 25.Qh6 Bf8 26.Qh3 Be7 27.Qh6  1/2-1/2

[Event "TCh-ROU Superliga"]
[Site "Predeal ROU"]
[Date "2007.10.14"]
[Round "2"]
[White "Biro,S"]
[Black "Solak,D"]
[Result "0-1"]
[WhiteElo "2324"]
[BlackElo "2568"]

1.e4 c5 2.c3 Nf6 3.e5 Nd5 4.d4 cxd4 5.Bc4 Nb6 6.Bb3 Nc6 7.Nf3 d5 8.exd6 Qxd6
9.Na3 dxc3 10.Qxd6 exd6 11.Nb5 Rb8 12.O-O cxb2 13.Bxb2 Be6 14.Nc7+ Kd7 15.Nxe6 fxe6
16.Ng5 d5 17.Rfe1 Re8 18.Rad1 h6 19.Nf3 Rg8 20.Ne5+ Nxe5 21.Bxe5 Rc8 22.f4 g6
23.a4 Nc4 24.Bf6 Bc5+ 25.Kh1 Ne3 26.Rd3 Ng4 27.Bh4 Bf2  0-1

[Event "IV Open"]
[Site "Calvia ESP"]
[Date "2007.10.15"]
[Round "1"]
[White "Dominguez Garcia,J"]
[Black "Karlsson,L"]
[Result "0-1"]
[WhiteElo "2001"]
[BlackElo "2485"]

1.e4 c5 2.c3 Nf6 3.e5 Nd5 4.Bc4 Nb6 5.Bb3 c4 6.Bc2 Nc6 7.Nf3 Qc7 8.Qe2 g5
9.h3 Bg7 10.d4 cxd3 11.Bxd3 h6 12.Na3 Nxe5 13.Nd4 a6 14.Nf5 Bf6 15.Bc2 Nd5
16.Qe4 Nxc3 17.bxc3 Qxc3+ 18.Ke2 d5 19.Qd4 Qxd4 20.Nxd4 Nc6 21.Nxc6 Bxa1
22.Nb4 e6 23.Bxg5 hxg5 24.Rxa1 Bd7 25.Nd3 Rc8 26.Bb3 Ke7 27.Ke3 b5 28.Nc2 Kd6
29.Rd1 a5 30.Nce1 a4 31.Bc2 e5 32.Nb4 d4+ 33.Kd2 Rc3 34.Nf3 f6 35.Be4 Be6
36.Ke2 Bc4+ 37.Kd2 Rc8 38.Rb1 Be6 39.Rb2 a3 40.Rb1 f5 41.Bb7 Rb8 42.Ba6 g4
43.hxg4 fxg4 44.Ng5 Bf5 45.Re1 Kc5 46.Rxe5+ Kxb4 47.Rxf5 Ka5 48.Ne4 Rb3 49.Nc5 Rb2+
50.Kd3 Rxa2 51.Kxd4 Rc2 52.Nd3 Rc4+ 53.Ke3 Kxa6 54.Nc5+ Rxc5 55.Rxc5 a2 56.Rc1 b4
57.Ra1 b3 58.Kd3 Rc8 59.f4 gxf3 60.gxf3 Kb5  0-1

[Event "3rd Arctic Cup"]
[Site "Salekhard RUS"]
[Date "2007.10.15"]
[Round "8"]
[White "Shcherbin,M"]
[Black "Burg,T"]
[Result "1-0"]
[WhiteElo "2229"]
[BlackElo "2275"]

1.e4 c5 2.c3 Nf6 3.e5 Nd5 4.d4 cxd4 5.Nf3 e6 6.cxd4 d6 7.a3 Bd7 8.Bd3 Bc6
9.O-O Nd7 10.Re1 Be7 11.exd6 Bxd6 12.Ne5 Nxe5 13.dxe5 Be7 14.Qg4 g6 15.Bh6 Qc7
16.Nd2 O-O-O 17.Rac1 a6 18.Nb3 Qb6 19.Nd4 Bc5 20.Nxc6 Bxf2+ 21.Kh1 bxc6 22.Re2 Rd7
23.Qa4 Kb7 24.Rxf2  1-0

[Event "TCh-ROU Superliga"]
[Site "Predeal ROU"]
[Date "2007.10.16"]
[Round "4"]
[White "Biro,S"]
[Black "Miroshnichenko,E"]
[Result "0-1"]
[WhiteElo "2324"]
[BlackElo "2651"]

1.e4 c5 2.c3 Nf6 3.e5 Nd5 4.d4 cxd4 5.Nf3 d6 6.cxd4 Nc6 7.Bc4 Nb6 8.Bb5 Bd7
9.Nc3 dxe5 10.Nxe5 Nxe5 11.dxe5 Bxb5 12.Nxb5 a6 13.Be3 Nd7 14.Nc3 e6 15.O-O Nxe5
16.Qa4+ Nc6 17.Rad1 Qa5 18.Qe4 Be7 19.f4 Rd8 20.Rxd8+ Qxd8 21.f5 exf5 22.Qxf5 O-O
23.Rd1 Qe8 24.Nd5 Qc8 25.Qxc8 Rxc8 26.Nxe7+ Nxe7 27.Rd7 Nf5 28.Bf4 b5 29.Ra7 h5
30.Rxa6 Rc2 31.b3 Nh4 32.a4 bxa4 33.bxa4 Nxg2 34.Bd6 Ne3 35.a5 g5 36.Ra8+ Kh7
37.a6 Rg2+ 38.Kh1 Rd2 39.h4 Rxd6 40.hxg5 Ng4 41.Kg2 Kg7 42.Kg3 Rd4 43.Re8 Ra4
44.a7 Rxa7 45.Kh4 Ra5 46.Rd8 Ne5  0-1